Sports Quiz

Random Sports or Baseball Quiz

MLB: 2019 Opening Day Starting Pitchers Quiz Stats

 Plays Quiz Updated Sep 8, 2019

Score 0/30 Timer 08:00
22 Plays Today
Team Pitcher % Correct
Houston AstrosJustin Verlander
89.4%
Boston Red SoxChris Sale
87.8%
Arizona DiamondbacksZach Greinke
83.7%
Washington NationalsMax Scherzer
82.1%
Chicago CubsJon Lester
78.9%
New York MetsJacob deGrom
78.9%
Cleveland IndiansCorey Kluber
76.3%
San Francisco GiantsMadison Bumgarner
67.9%
Los Angeles DodgersHyun-Jin Ryu
67.1%
New York YankeesMasahiro Tanaka
66.5%
Philadelphia PhilliesAaron Nola
66.1%
Tampa Bay RaysBlake Snell
61.4%
Toronto Blue JaysMarcus Stroman
56.1%
Atlanta BravesJulio Teheran
50.9%
Minnesota TwinsJosé Berríos
47.9%
Team Pitcher % Correct
Cincinnati RedsLuis Castillo
42.5%
Colorado RockiesKyle Freeland
40.4%
Texas RangersMike Minor
37.5%
St. Louis CardinalsMiles Mikolas
37%
Baltimore OriolesAndrew Cashner
36.7%
Detroit TigersJordan Zimmermann
35.6%
Milwaukee BrewersJhoulys Chacin
33.8%
Oakland AthleticsMike Fiers
32%
Seattle MarinersMarco Gonzales
31.6%
Pittsburgh PiratesJameson Taillon
31.1%
Miami MarlinsJosé Ureña
30.9%
Chicago White SoxCarlos Rodón
23.6%
Kansas City RoyalsBrad Keller
18.9%
Los Angeles AngelsTrevor Cahill
15.9%
San Diego PadresEric Lauer
14.7%

You're not logged in!

Compare scores with friends on all Sporcle quizzes.
OR
Log In

Sporcle TV

Today on Sporcle TV


Watch our educational content, quiz creation guides, and fun videos on Sporcle TV.

Show Comments

Extras

Top Quizzes Today


Score Distribution

Your Account Isn't Verified!

In order to create a playlist on Sporcle, you need to verify the email address you used during registration. Go to your Sporcle Settings to finish the process.

Report this User

Report this user for behavior that violates our Community Guidelines.

Details: